000
00256nam a2200085Ia 4500
245
0
_a
Ubuhlalu bukaZulu
100
_a
MABUYA, L T L Pietermaritzburg, 2009 2nd ed. (new authography)
_9
78644
942
_c
BK
008
210817s9999 xx 000 0 und d
999
_c
327779
_d
327778